000 00782nam a2200253 i 4500
003 DO-SdBNP
005 20251104093832.0
007 ta
008 240318s2023 dr ac 000 j spa d
020 _a9789945938623
040 _aDO-SdBNP
_bspa
_cBNPHU
_erda
082 4 _axxx
_bR741c
_222
100 1 _aRojas Fernández, Niuvery,
_937867
_eautora
245 1 0 _aCorazón de guerrera /
_cNiuvery Rojas Fernández
264 1 _aSanto Domingo :
_bEl Gato,
_c2023.
300 _a54 páginas :
_bilustraciones, retratos ;
_c22 cm.
336 _2rdacontent
_atexto
_btxt
337 _2rdamedia
_asin mediación
_bn
338 _2rdacarrier
_avolumen
_bnc
590 _aInventariado, 2024/ DG
650 4 _aInflación
_vEnsayos, conferencias, etc.
_9201
910 _aDG
942 _2ddc
_cLBS1
999 _c56133
_d56133